| 000 | 00379nam a2200169Ia 4500 | ||
|---|---|---|---|
| 001 | 8573 | ||
| 005 | 20250626030122.0 | ||
| 008 | 211022s9999 xx 000 0 und d | ||
| 082 | _a745.5 BRA | ||
| 100 | _aBragdon, Allen | ||
| 245 | 0 | _aFamily creative workshop : | |
| 260 | _aAmerica | ||
| 260 | _bPlenary Pub. International | ||
| 260 | _c1974 | ||
| 300 | _a128 | ||
| 942 | _cBK | ||
| 999 |
_c6768 _d6768 |
||